000 nam a22 7a 4500
999 _c9278
_d9278
008 180125b ||||| |||| 00| 0 eng d
100 _aSingh A I
_95534
245 _aThe Partion of India
260 _aNew Delhi
_bNational Publication
_c2007